[Event "38th Olympiad w"]
[Site "Dresden GER"]
[Date "2008.11.19"]
[Round "6"]
[White "Cramling,P"]
[Black "Perena,C"]
[Result "1-0"]
[WhiteElo "2550"]
[BlackElo "2210"]
[EventDate "2008.11.13"]

1. d4 d5 2. Nf3 Nf6 3. c4 e6 4. Nc3 c6 5. Bg5 Nbd7 6. e3 Qa5 7. Nd2 Bb4 8.
Qc2 dxc4 9. Bxf6 Nxf6 10. Nxc4 Qc7 11. Be2 Bd6 12. f4 Bd7 13. O-O O-O 14.
e4 Bxf4 15. e5 Nd5 16. Nxd5 cxd5 17. Rxf4 dxc4 18. Rh4 h6 19. Rf1 Qd8 20.
Rf6 Qe7 21. Rg4 Kh8 22. Qd2 g5 23. Rxh6+ Kg7 24. Rf6 1-0

[Event "38th Olympiad w"]
[Site "Dresden GER"]
[Date "2008.11.19"]
[Round "6"]
[White "Tetenkina,I"]
[Black "Camacho,C"]
[Result "0-1"]
[WhiteElo "2243"]
[BlackElo "2100"]
[EventDate "2008.11.13"]

1. Nf3 c5 2. c4 g6 3. g3 Bg7 4. Bg2 Nc6 5. O-O d6 6. Nc3 e5 7. d3 Nge7 8.
Ne1 Be6 9. Nc2 Qd7 10. Nd5 O-O 11. Re1 Bh3 12. Bh1 Kh8 13. Rb1 Rab8 14. b4
b6 15. b5 Nd8 16. Nxe7 Qxe7 17. Ne3 Qd7 18. Nd5 f5 19. e3 Ne6 20. a4 g5 21.
Bb2 Rbe8 22. a5 bxa5 23. Ra1 Qf7 24. Rxa5 f4 25. f3 fxg3 26. hxg3 g4 27. f4
exf4 28. Bxg7+ Qxg7 29. gxf4 Nxf4 30. Be4 Nxd5 31. cxd5 Re5 32. Qd2 Qf7 33.
Rea1 g3 34. Bg2 Qf2+ 35. Qxf2 gxf2+ 36. Kf1 Bxg2+ 37. Kxg2 Rg5+ 0-1

[Event "38th Olympiad w"]
[Site "Dresden GER"]
[Date "2008.11.19"]
[Round "6"]
[White "Lindiawati,E"]
[Black "Moylan,L"]
[Result "0-1"]
[WhiteElo "2121"]
[BlackElo "2114"]
[EventDate "2008.11.13"]

1. e4 c5 2. Nf3 d6 3. d4 cxd4 4. Nxd4 Nf6 5. Nc3 g6 6. Be3 Bg7 7. f3 Nc6 8.
Bc4 O-O 9. Qd2 Bd7 10. O-O-O Rc8 11. Bb3 Ne5 12. Kb1 Re8 13. g4 b5 14. h4
a5 15. a3 b4 16. axb4 axb4 17. Na2 Nc4 18. Bxc4 Rxc4 19. Nxb4 Qa5 20. Nd5
Qa6 21. Nb3 Ra8 22. Nb4 Qa4 23. Qd3 Rxb4 24. Bd4 Bb5 25. Qe3 Bc4 26. Bc3
Bxb3 27. cxb3 Rxb3 28. Rhe1 Rxc3 29. Qxc3 Nxe4 30. Rxe4 Qxd1+ 0-1

[Event "38th Olympiad w"]
[Site "Dresden GER"]
[Date "2008.11.19"]
[Round "6"]
[White "Dekic,B"]
[Black "Dewi,A"]
[Result "0-1"]
[WhiteElo "2103"]
[BlackElo "1802"]
[EventDate "2008.11.13"]

1. e4 c5 2. Nf3 d6 3. d4 cxd4 4. Nxd4 Nf6 5. Nc3 e6 6. Be2 a6 7. f4 Be7 8.
O-O O-O 9. Be3 Qc7 10. g4 b5 11. g5 Nfd7 12. f5 b4 13. Na4 e5 14. f6 exd4
15. fxe7 Re8 16. Bxd4 Qa5 17. Rf5 Qxa4 18. Bc4 Ne5 19. Rxf7 Nxf7 20. Qh5
Rxe7 21. g6 hxg6 22. Qxg6 Kf8 23. Qxg7+ Ke8 24. Bf6 Qa5 25. Qg8+ Kd7 26.
Bd5 Bb7 27. Qg4+ Kc7 28. Bxb7 Kxb7 29. Bxe7 Qc5+ 30. Kh1 Qe5 31. Bh4 Nh6
32. Qg6 Nd7 33. Qxh6 Rh8 34. Qg5 Qxe4+ 35. Qg2 Qxg2+ 36. Kxg2 Rxh4 37. Kg3
Rc4 38. Rd1 Kc6 39. Rd2 Nf6 40. Re2 Kd5 41. h3 a5 42. Rd2+ Ke5 43. Re2+ Re4
44. Rh2 a4 45. Kf3 Rf4+ 46. Ke3 Nd5+ 47. Ke2 a3 48. bxa3 bxa3 49. h4 Nc3+
50. Kd2 Nxa2 51. c3 Ra4 52. Rh1 Rc4 53. Rh3 d5 54. h5 Rxc3 55. Rh1 Rc8 56.
Ra1 Nc3 57. h6 d4 58. Kd3 a2 59. Kc2 Rh8 60. Re1+ Kd5 0-1

[Event "38th Olympiad w"]
[Site "Dresden GER"]
[Date "2008.11.19"]
[Round "6"]
[White "Ghader Pour,S"]
[Black "Castaneda,Ad"]
[Result "1-0"]
[WhiteElo "2149"]
[BlackElo "2068"]
[EventDate "2008.11.13"]

1. e4 e5 2. Nf3 d6 3. Bc4 Qe7 4. Nc3 c6 5. d4 d5 6. Bb3 Bg4 7. dxe5 dxe4 8.
Nxe4 Qb4+ 9. Nc3 Nd7 10. O-O O-O-O 11. Qe2 Re8 12. a3 Qa5 13. Bf4 g5 14.
Bxf7 Re7 15. b4 Qc7 16. Bg3 Bg7 17. e6 Qd8 18. Qe3 Nb6 19. Rad1 Qf8 20. Nb5
1-0

[Event "38th Olympiad w"]
[Site "Dresden GER"]
[Date "2008.11.19"]
[Round "6"]
[White "Sanchez,In"]
[Black "Salman,Ma"]
[Result "1-0"]
[WhiteElo "1952"]
[BlackElo "2112"]
[EventDate "2008.11.13"]

1. e4 c5 2. Nf3 d6 3. d4 cxd4 4. Nxd4 Nf6 5. Nc3 a6 6. Be3 e5 7. Nb3 Be6 8.
f3 b5 9. Qd2 Nbd7 10. O-O-O Be7 11. g4 b4 12. Nd5 Bxd5 13. exd5 Nb6 14.
Bxb6 Qxb6 15. Kb1 O-O 16. h4 a5 17. h5 a4 18. Nc1 Rfb8 19. g5 Nd7 20. g6 h6
21. gxf7+ Kxf7 22. f4 Bf6 23. Bh3 Nc5 24. fxe5 Bxe5 25. Nd3 Bf6 26. Nxc5
Qxc5 27. Rhf1 b3 28. cxb3 axb3 29. a3 Qc2+ 30. Qxc2 bxc2+ 31. Kxc2 Rxb2+
32. Kc1 Rc8+ 33. Bxc8 Rb3 34. Be6+ Ke7 35. Kc2 Rxa3 36. Rb1 Ra2+ 37. Kd3
Ra3+ 38. Ke4 Ra4+ 39. Kf5 Ra3 40. Rb7+ Kd8 41. Rc1 1-0

[Event "38th Olympiad w"]
[Site "Dresden GER"]
[Date "2008.11.19"]
[Round "6"]
[White "Latreche,S"]
[Black "Amura,C"]
[Result "0-1"]
[WhiteElo "2015"]
[BlackElo "2344"]
[EventDate "2008.11.13"]

1. e4 c5 2. Nf3 Nc6 3. d4 cxd4 4. Nxd4 Nf6 5. Nc3 e5 6. Nf5 d5 7. exd5 Bxf5
8. dxc6 bxc6 9. Be2 Bb4 10. Bd2 Qd4 11. O-O Rd8 12. Be1 O-O 13. Bf3 Qc4 14.
Qc1 h6 15. Nd1 Bc5 16. Bc3 e4 17. Bxf6 exf3 18. Bxd8 Qg4 0-1

[Event "38th Olympiad w"]
[Site "Dresden GER"]
[Date "2008.11.19"]
[Round "6"]
[White "Ubaldo Suarez,M"]
[Black "Chen I Chen"]
[Result "1-0"]
[WhiteElo "2089"]
[BlackElo "1725"]
[EventDate "2008.11.13"]

1. d4 Nf6 2. Nf3 e6 3. c4 d5 4. Nc3 Be7 5. Bg5 O-O 6. e3 b6 7. cxd5 exd5 8.
Bd3 Bb7 9. Rc1 Nbd7 10. O-O h6 11. Bh4 c5 12. Bb1 c4 13. Ne5 a6 14. Qc2
Nxe5 15. dxe5 Ne4 16. Bxe7 Qxe7 17. f3 Ng5 18. h4 Qxe5 19. Rce1 d4 20. hxg5
d3 21. Qf2 Qxg5 22. e4 b5 23. f4 Qd8 24. e5 b4 25. Ne4 Bxe4 26. Rxe4 Qc7
27. Rc1 Rad8 28. Rexc4 Qa5 29. Qd2 Qb6+ 30. Kh2 a5 31. Bxd3 Qg6 32. Bxg6
Rxd2 33. Bc2 Rfd8 34. Rc7 Kh8 35. Bb3 Rxb2 36. Bxf7 Rdd2 37. Rg1 a4 38. e6
b3 39. e7 Re2 40. e8=Q+ Rxe8 41. Bxe8 bxa2 42. Bg6 Rb8 43. Rgc1 1-0

[Event "38th Olympiad w"]
[Site "Dresden GER"]
[Date "2008.11.19"]
[Round "6"]
[White "Otazo,A"]
[Black "Wang Hsin Jung"]
[Result "1-0"]
[WhiteElo "1942"]
[BlackElo "1724"]
[EventDate "2008.11.13"]

1. e4 c5 2. Nf3 d6 3. d4 cxd4 4. Nxd4 Nf6 5. Nc3 g6 6. Be3 Bg7 7. f3 O-O 8.
Qd2 Nc6 9. O-O-O Bd7 10. h4 Rc8 11. h5 Nxh5 12. g4 Nf6 13. Bh6 Be6 14. Bxg7
Kxg7 15. Qh6+ Kh8 16. Nxc6 Rxc6 17. e5 Nh5 18. Bd3 Rg8 19. gxh5 Rg7 20.
hxg6 Qg8 21. gxh7 Qc8 22. Rhg1 Qf8 23. Qxg7+ Qxg7 24. Rxg7 Kxg7 25. Rg1+
1-0

[Event "38th Olympiad w"]
[Site "Dresden GER"]
[Date "2008.11.19"]
[Round "6"]
[White "Ellappen,J"]
[Black "Mona,K"]
[Result "0-1"]
[WhiteElo "1917"]
[BlackElo "1967"]
[EventDate "2008.11.13"]

1. e4 e5 2. Nf3 Nc6 3. Bb5 Nge7 4. O-O g6 5. c3 Bg7 6. d4 exd4 7. cxd4 d5
8. exd5 Nxd5 9. Bg5 Qd6 10. Re1+ Be6 11. Nbd2 O-O 12. Ne4 Qb4 13. Bxc6 bxc6
14. Qc1 Qb6 15. Nc5 Bf5 16. b3 Nb4 17. Re2 Rfe8 18. Rd2 h6 19. Bh4 g5 20.
Bg3 Rad8 21. Qc4 g4 22. Ne1 Nd5 23. Rc1 Qa5 24. Rdd1 Nb6 25. Qa6 Qxa6 26.
Nxa6 Rxd4 27. Rxd4 Bxd4 28. Kf1 Nd5 29. Nxc7 Nxc7 30. Bxc7 c5 31. Rd1 Re7
32. Bf4 Bd7 33. Bxh6 Bb5+ 34. Nd3 c4 35. bxc4 Bxc4 36. a3 f5 37. Bf4 Bc3
38. Kg1 Bxd3 39. Be3 Be4 40. Rc1 Bb2 41. Rc4 Rd7 42. h3 Rd1+ 0-1

[Event "38th Olympiad w"]
[Site "Dresden GER"]
[Date "2008.11.19"]
[Round "6"]
[White "Al Khelaifi,S"]
[Black "Vojinovic,J"]
[Result "0-1"]
[WhiteElo "1707"]
[BlackElo "2332"]
[EventDate "2008.11.13"]

1. d4 Nf6 2. Nc3 d5 3. Bg5 e6 4. e4 dxe4 5. Nxe4 Nbd7 6. Nf3 h6 7. Nxf6+
Nxf6 8. Bxf6 Qxf6 9. Bb5+ c6 10. Bd3 Bd6 11. Qe2 O-O 12. O-O-O a5 13. Kb1
a4 14. Qe4 g6 15. h4 Qg7 16. h5 g5 17. Ne5 a3 18. b3 c5 19. Nc4 Be7 20. f4
gxf4 21. Rdf1 f5 22. Qxf4 Bg5 23. Qe5 Bf6 24. Qxc5 Bxd4 25. Qb4 Bc3 26. Qc5
Ra5 27. Qf2 b5 28. Nxa5 Bd2 29. c3 Qxc3 30. Qg3+ Kh8 0-1

[Event "38th Olympiad w"]
[Site "Dresden GER"]
[Date "2008.11.19"]
[Round "6"]
[White "Al Khelaifi,A"]
[Black "Mijovic,A"]
[Result "0-1"]
[WhiteElo "1640"]
[BlackElo "2176"]
[EventDate "2008.11.13"]

1. e4 c5 2. b3 Nc6 3. Bb2 a6 4. Nc3 e6 5. g3 Nf6 6. Bg2 Be7 7. Nge2 O-O 8.
O-O b5 9. d4 b4 10. Na4 cxd4 11. Nxd4 Bb7 12. f4 d5 13. e5 Ne4 14. Nxc6
Bxc6 15. Bd4 Bxa4 16. Bxe4 dxe4 17. bxa4 Rc8 18. Re1 Qd5 19. Re2 Rfd8 20.
Rd2 Bc5 21. Kf1 Bxd4 22. Rb1 e3 23. Rd3 Qh1+ 24. Ke2 Qg2+ 25. Ke1 Qf2+ 0-1

[Event "38th Olympiad w"]
[Site "Dresden GER"]
[Date "2008.11.19"]
[Round "6"]
[White "Misovic,S"]
[Black "Safar,R"]
[Result "1-0"]
[WhiteElo "1937"]
[BlackElo "1719"]
[EventDate "2008.11.13"]

1. d4 f5 2. g3 Nf6 3. Bg2 g6 4. c4 Bg7 5. Nf3 O-O 6. O-O d6 7. Nc3 Nc6 8.
Qc2 e5 9. dxe5 dxe5 10. Rd1 Qe8 11. b3 Be6 12. Ba3 Rf7 13. Ng5 Rd7 14. Nxe6
Qxe6 15. Bd5 Nxd5 16. cxd5 Nd4 17. dxe6 Nxc2 18. exd7 Bf6 19. Nd5 Bd8 20.
Rac1 Nxa3 21. Nxc7 Rb8 22. Ne6 1-0

[Event "38th Olympiad w"]
[Site "Dresden GER"]
[Date "2008.11.19"]
[Round "6"]
[White "Segarra Choer,T"]
[Black "Malikgulyewa,A"]
[Result "0-1"]
[WhiteElo "1819"]
[BlackElo "2051"]
[EventDate "2008.11.13"]

1. d4 d5 2. c4 c6 3. Nc3 Bf5 4. Nf3 Nf6 5. e3 e6 6. Qb3 Qb6 7. c5 Qc7 8.
Bd2 Nbd7 9. Rc1 Be7 10. Nh4 O-O 11. Nxf5 exf5 12. Qc2 g6 13. b4 a6 14. Be2
Rfe8 15. O-O Bf8 16. a4 Ne4 17. b5 axb5 18. axb5 Bg7 19. Ra1 Nf8 20. Na4
Ne6 21. f3 Nxd4 22. exd4 Bxd4+ 23. Kh1 Nf2+ 24. Rxf2 Bxf2 25. Bc3 d4 26.
Bb2 Qe5 27. Bf1 Be3 28. g3 Rad8 29. bxc6 bxc6 30. Nb6 f4 31. Kg2 Qg5 32.
Bd3 fxg3 33. hxg3 Bf4 34. Qf2 Re3 35. Bc4 d3 36. Kf1 Bxg3 37. Qg2 d2 38.
Bxf7+ Kxf7 39. Ra7+ Ke8 0-1

[Event "38th Olympiad w"]
[Site "Dresden GER"]
[Date "2008.11.19"]
[Round "6"]
[White "Hallaeva,B"]
[Black "Sanchez Rodriguez,W"]
[Result "1-0"]
[WhiteElo "2119"]
[BlackElo "1773"]
[EventDate "2008.11.13"]

1. e4 c5 2. c3 d5 3. exd5 Qxd5 4. d4 cxd4 5. cxd4 Nc6 6. Nf3 e6 7. Nc3 Qd8
8. Bd3 Nf6 9. O-O a6 10. Re1 Be7 11. Bg5 O-O 12. a3 h6 13. Bh4 b5 14. Ne4
Nxd4 15. Nxf6+ Bxf6 16. Bxb5 axb5 17. Nxd4 1-0

[Event "38th Olympiad w"]
[Site "Dresden GER"]
[Date "2008.11.19"]
[Round "6"]
[White "Elfelo,K"]
[Black "Saleh,No"]
[Result "0-1"]
[WhiteElo "1875"]
[BlackElo "1876"]
[EventDate "2008.11.13"]

1. e4 c5 2. Nf3 d6 3. d4 cxd4 4. Nxd4 a6 5. Bc4 e6 6. Nc3 Nf6 7. Be3 Be7 8.
O-O O-O 9. Qd2 Qc7 10. Qe2 Nc6 11. Rad1 b6 12. Nf3 Bb7 13. a3 b5 14. Bd3
Rac8 15. Ng5 Ne5 16. Bd4 Nxd3 17. cxd3 e5 18. Be3 h6 19. Nh3 Bc6 20. Qf3
Bd7 21. Qg3 Kh8 22. f4 Rcd8 23. f5 Bc6 24. Rf3 d5 25. Qh4 Nxe4 26. Qh5 Nf6
27. Qh4 Nh7 28. Qh5 d4 29. Bc1 Bxf3 30. Qxf3 dxc3 31. b3 Bf6 32. Be3 Qc8
33. Qe2 Qxf5 34. Bb6 Rd5 35. g4 Qg6 36. Qf3 Rd7 37. Bc5 Re8 38. Nf2 h5 39.
Kh1 hxg4 40. Nxg4 e4 41. Qe3 Qxg4 42. Rg1 Qf3+ 43. Qxf3 exf3 44. Rd1 Bg5
45. d4 c2 46. Rf1 c1=Q 47. Rxc1 Bxc1 48. Kg1 Be3+ 49. Kf1 Bxd4 50. Bxd4
Rxd4 51. Kf2 Rc8 52. Kxf3 Rc3+ 53. Ke2 Rg4 54. Kf2 Rxb3 55. Ke2 Rg2+ 56.
Kf1 Ra2 57. Ke1 Rb1+ 0-1

[Event "38th Olympiad w"]
[Site "Dresden GER"]
[Date "2008.11.19"]
[Round "6"]
[White "Boric,E"]
[Black "Sammalvuo,N"]
[Result "1/2-1/2"]
[WhiteElo "2292"]
[BlackElo "2245"]
[EventDate "2008.11.13"]

1. e4 e5 2. Nf3 Nc6 3. Bb5 a6 4. Ba4 Nf6 5. Qe2 b5 6. Bb3 Be7 7. d3 d6 8.
c3 Na5 9. Bc2 c5 10. Nbd2 Nc6 11. Nf1 d5 12. exd5 Qxd5 13. Bb3 Qd6 14. Ng3
O-O 15. Ne4 Nxe4 16. dxe4 c4 17. Bc2 Qg6 18. O-O Bh3 19. Ne1 Rad8 20. a4
Rd6 21. axb5 axb5 22. Kh1 Bc8 23. Be3 Rfd8 24. g3 Bh3 25. Ng2 f5 26. f3
fxe4 27. Bxe4 Bf5 28. Bc1 Bxe4 29. Qxe4 Qxe4 30. fxe4 Rd1 31. Be3 Rxf1+
1/2-1/2

[Event "38th Olympiad w"]
[Site "Dresden GER"]
[Date "2008.11.19"]
[Round "6"]
[White "Walta,P"]
[Black "Dedijer,M"]
[Result "1-0"]
[WhiteElo "1824"]
[BlackElo "1999"]
[EventDate "2008.11.13"]

1. e4 e6 2. d4 d5 3. e5 c5 4. c3 Nc6 5. Nf3 Bd7 6. a3 f6 7. Bd3 cxd4 8.
cxd4 fxe5 9. dxe5 g6 10. O-O Bg7 11. Re1 Nge7 12. Nc3 a6 13. Bf4 O-O 14.
Qd2 Nf5 15. Rad1 Rc8 16. Bb1 Rf7 17. Nxd5 exd5 18. e6 Bxe6 19. Rxe6 Ncd4
20. Nxd4 Nxd4 21. Ree1 Nb3 22. Qe3 Nc5 23. Ba2 Rd7 24. Qd2 Kf8 25. Re3 Qf6
26. Rf3 Kg8 27. b4 Ne4 28. Qe1 Nc3 29. Bd2 Qe7 30. Re3 Qf6 31. Bxc3 Rxc3
32. Re8+ Bf8 33. Bxd5+ Kg7 34. Re6 Qd8 35. Qxc3+ 1-0

[Event "38th Olympiad w"]
[Site "Dresden GER"]
[Date "2008.11.19"]
[Round "6"]
[White "Melnik,G"]
[Black "Smith,O"]
[Result "0-1"]
[WhiteElo "2062"]
[BlackElo "1961"]
[EventDate "2008.11.13"]

1. d4 Nf6 2. Nf3 d5 3. c4 e6 4. Nc3 Be7 5. Bg5 O-O 6. e3 Nbd7 7. cxd5 exd5
8. Bd3 Re8 9. O-O Nf8 10. Qc2 c6 11. Bxf6 Bxf6 12. b4 Bg4 13. Nd2 Rc8 14.
Rfc1 Be7 15. Qb3 Bd6 16. Nf1 Qg5 17. f4 Qf6 18. b5 Bxf4 19. bxc6 bxc6 20.
Ba6 Rb8 21. Qa4 Bxe3+ 22. Nxe3 Rxe3 23. Rf1 Qg6 24. Nd1 Bxd1 25. Raxd1 Rb2
26. Rf2 Rxf2 27. Kxf2 Rc3 28. Rd2 Qe4 29. Qd1 Ne6 30. Kg1 Nxd4 31. Rxd4
Qe3+ 32. Kf1 Rc1 33. Qxc1 Qxc1+ 34. Ke2 Qb2+ 35. Rd2 Qe5+ 36. Kf2 Qxh2 37.
Bb7 Qc7 38. Rb2 Qf4+ 0-1

[Event "38th Olympiad w"]
[Site "Dresden GER"]
[Date "2008.11.19"]
[Round "6"]
[White "Jennitha,A"]
[Black "Owens,M"]
[Result "1-0"]
[WhiteElo "1998"]
[BlackElo "1783"]
[EventDate "2008.11.13"]

1. e4 c5 2. Nf3 a6 3. d4 cxd4 4. Nxd4 e5 5. Nb3 Nf6 6. f3 Bb4+ 7. c3 Be7 8.
Be3 d5 9. exd5 Nxd5 10. Bf2 O-O 11. g3 Be6 12. Bg2 Qc7 13. O-O Rd8 14. Qe2
a5 15. N3d2 Bc5 16. Re1 Bxf2+ 17. Qxf2 Na6 18. Ne4 h6 19. Qe2 Bf5 20. Nf2
f6 21. Nd2 Rac8 22. Nde4 Nc5 23. Kh1 a4 24. a3 Nb3 25. Rad1 Nb6 26. Rxd8+
Rxd8 27. Rd1 Rxd1+ 28. Nxd1 Qc4 29. Qxc4+ Nxc4 30. Bf1 Ncd2 31. Nxd2 Nxd2
32. Be2 e4 33. Kg2 exf3+ 34. Bxf3 Nxf3 35. Kxf3 g5 36. Ne3 Bd7 37. Ke4 Kf7
38. Kd5 Bc6+ 39. Kd6 Be4 40. g4 b5 41. Kc5 Bd3 42. Kd4 Be2 43. Nf5 Kg6 44.
Nd6 Bxg4 45. Nxb5 f5 46. c4 f4 47. c5 Bd7 48. Na7 g4 49. c6 Bf5 50. c7 g3
51. hxg3 fxg3 52. Ke3 h5 53. Kf3 h4 54. c8=Q Bxc8 55. Nxc8 Kf5 56. Nb6 Ke5
57. Nxa4 Kd5 58. b4 Kc6 59. Nc3 1-0

[Event "38th Olympiad w"]
[Site "Dresden GER"]
[Date "2008.11.19"]
[Round "6"]
[White "Ptacnikova,L"]
[Black "Munoz,Ca"]
[Result "1-0"]
[WhiteElo "2237"]
[BlackElo "2026"]
[EventDate "2008.11.13"]

1. e4 c5 2. Nf3 Nc6 3. d4 cxd4 4. Nxd4 Nf6 5. Nc3 e5 6. Ndb5 d6 7. Bg5 a6
8. Na3 b5 9. Nd5 Be7 10. Bxf6 Bxf6 11. c4 b4 12. Nc2 a5 13. h4 h5 14. g3
Be6 15. Be2 Bxd5 16. cxd5 Nd4 17. Nxd4 exd4 18. Bxh5 d3 19. Rb1 d2+ 20.
Kxd2 Qb6 21. Ke1 Rc8 22. Be2 Bd4 23. Rh2 Qc5 24. Bd3 Be5 25. Kf1 g5 26. h5
Ke7 27. Kg2 f5 28. Rh1 f4 29. g4 Qc7 30. Kf3 Qa7 31. Qd2 Qb6 32. Rhc1 Qd4
33. Rd1 Rc7 34. Bb5 Qb6 35. Bc6 Kf6 36. Rbc1 Kg7 37. Rc4 Kh6 38. Rdc1 Rhc8
39. Qc2 Rb8 40. b3 Rg8 41. Qd3 Bb2 42. R1c2 Bc3 43. R2xc3 bxc3 44. Qxc3 Rf8
45. e5 dxe5 46. Qxe5 a4 47. Qd6+ Kh7 48. Qxf8 axb3 49. Qb4 Rxc6 50. dxc6
bxa2 51. Qxb6 a1=Q 52. c7 Qd1+ 53. Ke4 Qe2+ 1-0

[Event "38th Olympiad w"]
[Site "Dresden GER"]
[Date "2008.11.19"]
[Round "6"]
[White "Da Bosco,C"]
[Black "Thorsteinsdottir,G"]
[Result "0-1"]
[WhiteElo "1966"]
[BlackElo "2156"]
[EventDate "2008.11.13"]

1. e4 c5 2. Nc3 e6 3. f4 d6 4. Nf3 Nc6 5. Bc4 Nf6 6. d3 Be7 7. O-O O-O 8.
Qe1 d5 9. Bb3 dxe4 10. dxe4 a6 11. a4 Nd4 12. Nxd4 cxd4 13. Nd1 b6 14. Rf3
Bb7 15. Nf2 Qc7 16. c3 Bc5 17. Kh1 dxc3 18. Rxc3 Qb8 19. Rh3 Bxf2 20. Qxf2
Bxe4 21. Bc2 Qb7 22. b3 Rac8 23. Bxe4 Qxe4 24. Ba3 Rc2 25. Qg3 Rfc8 26. Re1
Re2 27. Rd1 Ng4 0-1

[Event "38th Olympiad w"]
[Site "Dresden GER"]
[Date "2008.11.19"]
[Round "6"]
[White "Mouradian,S"]
[Black "Smith,Ja"]
[Result "1-0"]
[WhiteElo "1828"]
[BlackElo "2001"]
[EventDate "2008.11.13"]

1. e4 c5 2. c3 g6 3. d4 cxd4 4. cxd4 d6 5. Nc3 Bg7 6. Nf3 Nf6 7. h3 Nc6 8.
Bb5 Bd7 9. O-O O-O 10. Be3 a6 11. Ba4 Rc8 12. Qd2 e6 13. Bg5 Qc7 14. Rac1
Rfe8 15. Rfe1 b5 16. Bb3 Na5 17. Nxb5 Nxb3 18. Nxc7 Nxd2 19. Bxd2 Re7 20.
Nxa6 Ra8 21. Nb4 h5 22. Bg5 Rb8 23. a3 Kh7 24. e5 dxe5 25. dxe5 Ree8 26.
Bxf6 Bxf6 27. exf6 1-0

[Event "38th Olympiad w"]
[Site "Dresden GER"]
[Date "2008.11.19"]
[Round "6"]
[White "Pulpan,O"]
[Black "Shaughnessy,E"]
[Result "1/2-1/2"]
[WhiteElo "1682"]
[BlackElo "1899"]
[EventDate "2008.11.13"]

1. Nf3 Nf6 2. d4 d5 3. g3 e6 4. Bg2 c6 5. O-O Bd6 6. Nbd2 O-O 7. Re1 Nbd7
8. e4 dxe4 9. Nxe4 Nxe4 10. Rxe4 Nf6 11. Rh4 Be7 12. Qd3 h6 13. g4 Nh7 14.
g5 Nxg5 15. Nxg5 Bxg5 16. Bxg5 Qxg5 17. Rh3 f5 18. Rg3 Qe7 19. Re1 Bd7 20.
Re5 Rf6 21. Bh3 Raf8 22. c4 Be8 23. Rf3 Rg6+ 24. Bg2 Qg5 25. Rg3 Qc1+ 26.
Bf1 Rxg3+ 27. hxg3 Rf6 28. Qe3 Qxe3 29. Rxe3 Rg6 30. f4 h5 31. Kf2 Bd7
1/2-1/2

[Event "38th Olympiad w"]
[Site "Dresden GER"]
[Date "2008.11.19"]
[Round "6"]
[White "Lim,H"]
[Black "Zsiltzova Lisenko,L"]
[Result "0-1"]
[WhiteElo "1566"]
[BlackElo "2265"]
[EventDate "2008.11.13"]

1. d4 d5 2. c4 dxc4 3. Nf3 Nf6 4. e3 Bg4 5. Bxc4 e6 6. h3 Bh5 7. b3 a6 8.
a4 Bb4+ 9. Bd2 Qe7 10. O-O O-O 11. Bxb4 Qxb4 12. Nbd2 c5 13. Be2 Rd8 14.
Nc4 Nc6 15. Qc2 cxd4 16. Rfd1 dxe3 17. fxe3 Qc5 18. Qc1 Nd5 19. a5 Rac8 20.
Kh1 Nf6 21. Nd6 Qxc1 22. Raxc1 Rc7 23. Nxb7 Rxd1+ 24. Bxd1 Nd5 25. e4 Ndb4
26. Nd8 Rc8 27. Nxc6 Rxc6 28. Rxc6 Nxc6 29. Be2 Nxa5 30. b4 Bxf3 31. gxf3
Nc6 32. Bxa6 Nxb4 33. Be2 Nc6 34. Kg2 Nd4 35. Bd3 g5 36. Kg3 e5 37. Kg4 h6
38. Bf1 Kg7 39. Bg2 Kg6 40. h4 h5+ 41. Kh3 f6 42. Bh1 Ne2 43. hxg5 Nf4+ 44.
Kh4 fxg5+ 45. Kg3 h4+ 46. Kg4 Kf6 0-1

[Event "38th Olympiad w"]
[Site "Dresden GER"]
[Date "2008.11.19"]
[Round "6"]
[White "Maeckelberg,M"]
[Black "You Garam"]
[Result "1-0"]
[WhiteElo "1959"]
[BlackElo "1511"]
[EventDate "2008.11.13"]

1. e4 e5 2. Nf3 Nc6 3. Bc4 Be7 4. d4 exd4 5. Nxd4 d6 6. Nxc6 bxc6 7. O-O
Nf6 8. Nc3 Nxe4 9. Bxf7+ Kxf7 10. Nxe4 Bf5 11. Qf3 Qd7 12. g4 Rhf8 13.
Qxf5+ Qxf5 14. gxf5 Kg8 15. Ng3 d5 16. Bf4 Rac8 17. Rae1 Bf6 18. Be5 Bxe5
19. Rxe5 Rce8 20. Rfe1 Rxe5 21. Rxe5 1-0